000 00656nam a2200193Ia 4500
005 20250508163700.0
008 008 250505s9999 xx 000 0 eng d
037 _aTextual
040 _aFEDL
_beng
_cFEDL
041 _aeng
_2eng
084 _a371.42, AGG
_qFEDL
100 _aAggarwal J. C.
245 0 _aEducational, vocational guidance and counselling: With special reference to the new pattern of education 10+2+3, national policy on education 1986 and Ramamurti report 1990
260 _aDelhi, India
_bDoaba House
_c1997
300 _a414p.
650 _aEducation
942 _cTEXL
_h371.42, AGG
999 _c1384682
_d1384682